|
|
|
|
| LEADER |
00000nam2a2200000 4500 |
| 001 |
260786 |
| 005 |
20231101233516.0 |
| 010 |
|
|
|a 5060012867
|
| 020 |
|
|
|a RU
|b 88-29313
|
| 035 |
|
|
|a (RuTPU)RU\TPU\book\283756
|
| 035 |
|
|
|a RU\TPU\book\283325
|
| 090 |
|
|
|a 260786
|
| 100 |
|
|
|a 20140519d1988 m y0rusy5003 ca
|
| 101 |
0 |
|
|a rus
|
| 102 |
|
|
|a RU
|
| 105 |
|
|
|a a j 001zy
|
| 200 |
0 |
|
|a Кн. 9 : МикроЭВМ в системах управления оборудованием
|f П. А. Тимофеев, В. С. Дубровин, В. С. Петровский
|
| 210 |
|
|
|d 1988
|
| 215 |
|
|
|a 127 с.
|c ил.
|
| 320 |
|
|
|a Библиогр.: с. 127.
|
| 461 |
|
1 |
|0 (RuTPU)RU\TPU\book\294318
|t Программное обеспечение микроЭВМ
|o в 11 кн.
|o учебное пособие для средних профессиональных заведений
|f под ред. В. Ф. Шаньгина
|v Кн. 9 : МикроЭВМ в системах управления оборудованием
|d 1987-1988
|
| 606 |
1 |
|
|a Микро-ЭВМ
|x Программное обеспечение
|x Программирование
|2 stltpush
|3 (RuTPU)RU\TPU\subj\43788
|9 63230
|
| 610 |
1 |
|
|a оборудование
|
| 610 |
1 |
|
|a управление
|
| 610 |
1 |
|
|a алгоритмические языки
|
| 610 |
1 |
|
|a роботы
|
| 610 |
1 |
|
|a рабочие программы
|
| 610 |
1 |
|
|a практические пособия
|
| 610 |
1 |
|
|a учебные пособия
|
| 675 |
|
|
|a 681.322-181.48(075.32)
|z rus
|v 3
|
| 700 |
|
1 |
|a Тимофеев
|b П. А.
|g Петр Александрович
|
| 701 |
|
1 |
|a Дубровин
|b В. С.
|g Владимир Сергеевич
|
| 701 |
|
1 |
|a Петровский
|b В. С.
|g Валерий сергеевич
|
| 801 |
|
0 |
|a RU
|b 63413507
|c 19950417
|g psbo
|
| 801 |
|
1 |
|a RU
|b 63413507
|c 20090312
|g PSBO
|
| 801 |
|
2 |
|a RU
|b 63413507
|c 20160420
|g PSBO
|
| 942 |
|
|
|c BK
|